00526nam a2200169Ia 450000500170000000800410001708200130005824500490007126000450012030000120016565000220017765000080019970000310020794200060023895200970024499900150034120250626033407.0240331s9999 xx 000 0 und d bGRUa362 0aGruhastha prachandathwaya saha nawa neethiya aKirindiwelabVillage women's Frontc2006 a28 p ., aDomestic Violence aLaw aGamikantha peramuna. eedt cL 001040708LaWERCLbWERCLcSSCd2024-03-31l0o 362.8 GRUp6347r2024-03-31w2024-03-31yL c5359d5359